| 000 | 00772cam a2200205 4500 | ||
|---|---|---|---|
| 001 | WS125615 | ||
| 008 | 040326n 000 0 eng u | ||
| 035 | _a(Sirsi) u125615 | ||
| 245 | _aAECAsia | ||
| 520 | _aWeb site which offers architects, designers, engineers and contractors an opportunity to promote their products and services in Asia. Links to their sister sites Architecture Asia, Build Asia, Products Asia, Design Asia and Engineering Asia. | ||
| 650 | _aBUILT ENVIRONMENT | ||
| 650 | _aASIA | ||
| 650 | _aARCHITECTURE | ||
| 650 | _aCAD | ||
| 650 | _aLANDSCAPE | ||
| 650 | _aBUILT ENVIRONMENT-BUILDING MATERIALS | ||
| 690 | _aBUILT ENVIRONMENT | ||
| 856 | 4 | 0 |
_uhttps://www.aecasia.com _zView the website free of charge at www.aecasia.com... |
| 942 | _n0 | ||
| 999 |
_c120415 _d120415 |
||